| 000 | 00532nam a2200169Ia 4500 | ||
|---|---|---|---|
| 008 | 140527s9999 xx 000 0 und d | ||
| 020 | _a9780071759328 | ||
| 050 |
_aHV2475 _b.F217 2011 |
||
| 100 | _aFant, Louie J. | ||
| 245 |
_aThe American sign language phrase book / _cLou Fant ; illustrations by Betty G. Miller. |
||
| 260 |
_aChicago : _bContemporary Books, _cc2011. |
||
| 300 |
_a384 p. : _bill. ; _c23 cm. _e1 CD-ROM (4 3/4 in.). |
||
| 500 | _aIncludes index. | ||
| 521 | _aSPED | ||
| 942 |
_kFOR _cBK |
||
| 999 |
_c117508 _d117508 |
||